000 01296nam a22003737a 4500
003 CHAP
005 20220329135056.0
008 971013s1967 r 00010 d
010 _a30523
011 _a31495
035 _a35607
040 _cCHAP
082 _a576.6
_bM6
100 0 0 _aMaramorosch, Karl.
_971231
245 _aMethods in virology
260 _aNew York :
_bAcademic Press,
_c1967-
300 _av
490 _aMethods in virology
500 _aLa biblioteca tiene: v.1-6
590 _aBATCH-UPD
_b10
_c20130110
_lUCH01
_h0008
590 _aBATCH-UPD
_b10
_c20130110
_lUCH01
_h1022
590 _aCONVERSION
_b10
_c20130109
_lUCH01
_h1317
650 1 4 _aVirus.
_9119936
700 0 _aKoprowski, Hilary.
_963730
830 0 _aMethods in virology
_975232
901 _aBK
942 _cLIBRO
949 _a576.6 M6
_bBC
_cLIBRO
_d33724000424040
_eLIBRO
_fv.1
_h44749
_i35607
_si
949 _a576.6 M6
_bBC
_cLIBRO
_d33724000424057
_eLIBRO
_fv.2
_h55662
_i35607
_si
949 _a576.6 M6
_bBC
_cLIBRO
_d33724000424065
_eLIBRO
_fv.3
_h44736
_i35607
_si
949 _a576.6 M6
_bBC
_cLIBRO
_d33724000424073
_eLIBRO
_fv.4
_h55663
_i35607
_si
949 _a576.6 M6
_bBC
_cLIBRO
_d33724000424081
_eLIBRO
_fv.5
_h55664
_i35607
_si
949 _a576.6 M6
_bBC
_cLIBRO
_d33724000424099
_eLIBRO
_fv.6
_h55665
_i35607
_si
999 _c30523
_d30523